Study guide for use with financial markets and institutions (Record no. 3695)

MARC details
000 -LEADER
fixed length control field 00463nam a2200145 4500
020 ## - INTERNATIONAL STANDARD BOOK NUMBER
ISBN 9780072397031
050 ## - CALL NUMBER
Classification number HG4910
Item number .S29
100 ## - AUTHOR
Personal name William Lepley
245 ## - TITLE
Title Study guide for use with financial markets and institutions
Statement of responsibility, etc William Lepley; Marcia Millon Cornett; Anthony Saunders
260 ## - PUBLICATION INFORMATION
Place of publication Boston
Name of publisher McGraw-Hill/Irwin
Year of publication 2001
300 ## - DESCRIPTION
Number of Pages 191 pages ;
Dimensions 28 cm
700 ## - OTHER AUTHORS
Personal name Marcia Millon Cornett;
710 ## - OTHER AUTHORS
OTHER AUTHORS Anthony Saunders
942 ## - ADDED ENTRY ELEMENTS (KOHA)
Koha item type Books
Holdings
Withdrawn status Lost status Collection code Home library Current library Shelving location Date acquired Full call number Koha item type
    Reference Methodist University Library Main Methodist University Library Main General Stacks 12/11/2006 HG4910 .S29 Books
Copyright © 2026  MUG Library